000 00956 a2200217 4500
005 2008091903573.0
008 080919t xxu||||| |||| 00| 0 hin d
010 _aHIN-81254
020 _a8188653098
_c125.00
035 _aHN-53600
037 _bD.B.Act / Pub
082 _a808.882
100 _aगरिमा
245 _aहंसो-हंसाओ
_bगरिमा
246 _aHaso Hasao
_bBy-Garima
260 _aदिल्ली
_bभारत भारती
_c2007
270 _aएन-13 , रिवेरा अपार्टमेंट , माल रोड
_bदिल्ली
_e110009
300 _a96पृ
_c22सेमी(सजिल्द)
942 _adpl
_cHN
_k808.882 / गरिमा
_2ddc
_h808.882
_mगरिमा
999 _c8145
_d8145